01660cam a2200397 a 45000010008000000030009000080050017000170080041000340200026000750200022001010200018001230400038001410430021001790820022002001000037002222450133002592500023003922640052004153000039004673360026005063370028005323380027005604900038005875000025006255040051006506500075007016500075007766500069008516500069009206510010009896530026009996550024010259420026010499990017010759520170010922578692EG-ScBUE20211118131452.0960321r20011997enka f b 101 0 eng d a0521570026 (hardback) a0521579120 (pbk.) a9780521579124 aDLCbengerdacDLCdDLCdEG-ScBUE an-cn---an-us---04a810.9971bCOR2221 aCorse, Sarah M.,eauthor.93732410aNationalism and literature :bthe politics of culture in Canada and the United States /cSarah M. Corse, University of Virginia. aReprinted edition. 1aCambridge :bCambridge University Press,c2001. axii, 213 pages :btables ;c24 cm. 2rdacontentatextbtxt 2rdamediaaunmediatedbn 2rdacarrieravolumebnc0 aCambridge cultural social studies aIncludes appendixes. aIncludes bibliographical references and index. 7aCanadian literaturexHistory and criticismxTheory, etc.2BUEsh937325 7aAmerican literaturexHistory and criticismxTheory, etc.2BUEsh937326 7aNational characteristics, Canadian, in literature.2BUEsh937327 7aNational characteristics, American, in literature.2BUEsh937328 2BUEsh cJanuary2015bHHUUEENN vReading book934232 2ddck810.9971 CORcBB c18933d18905 00102ddc40708BaccahaMAINbMAINc2NDd2015-01-22epurchaseg360.00h21291l1m1o810.9971 CORp000037357r2025-07-15 00:00:00s2017-06-20v450.00w2015-01-22yBB